000 01298cam a22002174a 4500
005 20250605164155.0
008 250528s ||||||||||||||||||||||||d
035 _a19578
020 _a9603901164
040 _aGR-AtMCL
_bgre
_dGR-AtMCL
_eAACR2
245 1 _aΧΡΗΜΑΤΟΟΙΚΟΝΟΜΙΚΗ ΔΙΟΙΚΗΣΗ: ΑΠΟΦΑΣΕΙΣ ΧΡΗΜΑΤΟΔΟΤΗΣΕΩΝ
250 _a3
260 _bInterbooks,
_c2002
300 _a386
505 0 _aΘΕΩΡΙΑ ΔΙΑΡΘΡΩΣΗΣ ΚΕΦΑΛΑΙΩΝ ΠΡΑΚΤΙΚΗ ΠΡΟΣΕΓΓΙΣΗ ΔΙΑΡΘΡΩΣΗΣ ΚΕΦΑΛΑΙΩΝ ΒΑΣΙΚΕΣ ΑΡΧΕΣ ΧΡΗΜΑΤΟΔΟΤΗΣΗΣ ΕΠΙΧΕΙΡΗΣΕΩΝ ΜΕΤΟΧΙΚΟ ΚΕΦΑΛΑΙΟ ΠΟΛΙΤΙΚΗ ΜΕΡΙΣΜΑΤΩΝ ΧΡΗΜΑΤΟΔΟΤΙΚΗ ΜΙΣΘΩΣΗ ΟΜΟΛΟΓΙΑΚΑ ΔΑΝΕΙΑ
520 _aΘΕΩΡΙΑ ΔΙΑΡΘΡΩΣΗΣ ΚΕΦΑΛΑΙΩΝ ΠΡΑΚΤΙΚΗ ΠΡΟΣΕΓΓΙΣΗ ΔΙΑΡΘΡΩΣΗΣ ΚΕΦΑΛΑΙΩΝ ΒΑΣΙΚΕΣ ΑΡΧΕΣ ΧΡΗΜΑΤΟΔΟΤΗΣΗΣ ΕΠΙΧΕΙΡΗΣΕΩΝ ΜΕΤΟΧΙΚΟ ΚΕΦΑΛΑΙΟ ΠΟΛΙΤΙΚΗ ΜΕΡΙΣΜΑΤΩΝ ΧΡΗΜΑΤΟΔΟΤΙΚΗ ΜΙΣΘΩΣΗ ΟΜΟΛΟΓΙΑΚΑ ΔΑΝΕΙΑ
700 1 _aΑρτικης Γεωργιος Π
_95784
942 _cBK
999 _c4834
_d4834